| 000 | 00739nam a2200205 a 4500 | ||
|---|---|---|---|
| 001 | 000018930 | ||
| 005 | 20250527113226.0 | ||
| 008 | 100520s1983 mx 000 0 spa d | ||
| 020 | _a968181617X | ||
| 040 |
_aDO-SdBNP _bspa _cBNPHU |
||
| 082 |
_a658.4012 _bA182p |
||
| 100 | 1 |
_aAckoff, Russell L., _940741 |
|
| 240 | 1 | 0 |
_aCreating the corporate future. _lEspañol. |
| 245 | 1 | 0 |
_aPlanificación de la empresa del futuro : _bplanear o ser planeado / _cRussell L. Ackoff ; traducción de Esteban Torres Alexander. |
| 260 |
_aMéxico : _bLimusa, _c1983. |
||
| 300 |
_a357 p. : _bil., diag. ; _c24 cm. |
||
| 650 | 0 |
_aAdministración industrial _95872 |
|
| 650 | 0 |
_aPolítica económica _984931 |
|
| 700 | 1 |
_aTorres Alexander, Esteban, _etr. _940742 |
|
| 999 |
_c18448 _d18448 |
||